Understanding the diagramatic representation of rotation in diagrams of three dimensional structures (Record no. 78660)

MARC details
000 -CABECERA
campo de control de longitud fija 00676nam a2200229 a 4500
005 - FECHA Y HORA DE LA ÚLTIMA TRANSACCIÓN
campo de control 20210219153514.0
008 - ELEMENTOS DE LONGITUD FIJA--INFORMACIÓN GENERAL
campo de control de longitud fija 991125n 000 0 eng u
035 ## - NÚMERO DE CONTROL DEL SISTEMA
Número de control de sistema UPN01000103636
100 ## - ASIENTO PRINCIPAL--NOMBRE PERSONAL
Nombre de persona Shubber, K.E.
222 ## - TÍTULO CLAVE
Título clave RESEARCH IN SCIENCE AND TECHNOLOGICAL EDUCATION
245 ## - MENCIÓN DE TÍTULO
Título Understanding the diagramatic representation of rotation in diagrams of three dimensional structures
300 ## - DESCRIPCIÓN FÍSICA
Extensión 81-92
362 ## - FECHAS DE PUBLICACIÓN Y/O DESIGNACIÓN SECUENCIAL
Fecha de publicación y/o designación secuencial 1991 9, No. 1
505 ## - NOTA DE CONTENIDO CON FORMATO PREESTABLECIDO
Nota de contenido con formato Junio 1992
653 0# - TERMINO DE INDIZACION - NO CONTROLADO
Término no controlado DESLIZAMIENTOS
653 0# - TERMINO DE INDIZACION - NO CONTROLADO
Término no controlado METODOS DE ENSE\197ANZA
653 0# - TERMINO DE INDIZACION - NO CONTROLADO
Término no controlado SPATIAL ABILITY
653 0# - TERMINO DE INDIZACION - NO CONTROLADO
Término no controlado VISUALIZACION
700 ## - ASIENTO SECUNDARIO--NOMBRE DE PERSONAL
Nombre de persona Al-Mudaifa, H.S.
904 ## - ELEMENTOS DE DATOS D LOCAL, LDD (RLIN)
a AC
b 041447
905 ## - TIPO DE MATERIAL
Tipo de material Articulo

No items available.